书目信息 |
| 题名: |
景观红皮书
|
|
| 作者: | 江锋 主编 | |
| 分册: | Ⅲ 别墅社区、公寓社区 | |
| 出版信息: | 天津 天津大学出版社 2014.01 |
|
| 页数: | 287页 | |
| 开本: | 31cm | |
| 丛书名: | ||
| 单 册: | ||
| 中图分类: | TU983-64 , TU984.12-64 | |
| 科图分类: | ||
| 主题词: | 景观设计--图集 , 居住区--景观设计--图集 , 景观设计 , 居住区 | |
| 电子资源: | ||
| ISBN: | 978-7-5618-4919-4 | |
| 000 | 00903nam0 2200289 450 | |
| 001 | 0120141282041 | |
| 005 | 20140609085951.43 | |
| 010 | @a978-7-5618-4919-4@dCNY227.00,CNY908.00(全4册) | |
| 100 | @a20140423d2014 em y0chiy50 ea | |
| 101 | 0 | @achi |
| 102 | @aCN@b120000 | |
| 105 | @aa z 000yy | |
| 106 | @ar | |
| 200 | 1 | @a景观红皮书@9jing guan hong pi shu@hⅢ@h3@i别墅社区、公寓社区@f江锋主编 |
| 210 | @a天津@c天津大学出版社@d2014.01 | |
| 215 | @a287页@c图@d31cm | |
| 330 | @a本书主要内容包括:中国大连世茂御龙湾·海上花园示范区;中国广州大一山庄;中国鹤山十里方圆等。 | |
| 333 | @a景观设计相关人员 | |
| 606 | 0 | @a景观设计@j图集 |
| 606 | 0 | @a居住区@x景观设计@j图集 |
| 606 | 0 | @a景观设计 |
| 606 | 0 | @a居住区 |
| 690 | @aTU983-64@v5 | |
| 690 | @aTU984.12-64@v5 | |
| 701 | 0 | @a江锋@9jiang feng@4主编 |
| 801 | 0 | @aCN@b人天书店@c20140423 |
| 905 | @b548545-46@dTU983-64@e650:3(4)@f2 | |
| 景观红皮书.Ⅲ.3.别墅社区、公寓社区/江锋主编.-天津:天津大学出版社,2014.01 |
| 287页:图;31cm |
| 使用对象:景观设计相关人员 |
| ISBN 978-7-5618-4919-4:CNY227.00,CNY908.00(全4册) |
| 本书主要内容包括:中国大连世茂御龙湾·海上花园示范区;中国广州大一山庄;中国鹤山十里方圆等。 |
| ● |
| 相关链接 |
|
|
|
|
正题名:景观红皮书
索取号:TU983-64/650:3(4)
 
预约/预借
| 序号 | 登录号 | 条形码 | 馆藏地/架位号 | 状态 | 备注 |
| 1 | 548545 | 205485456 | 第二样本阅览室/ [索取号:TU983-64/650:3(4)] | 在馆 | |
| 2 | 548546 | 205485465 | 第三借阅区/ [索取号:TU983-64/650:3(4)] | 在馆 |